000
00273nam a22001217a 4500
082
_a
825
_b
KOC/S
100
_a
KOCHUVEEDAN,JAISON
245
_a
SPEECHES FOR THE LITTLE KINGDOM
260
_a
CHENNAI
_b
FIRST EDITION
300
_a
106
650
_a
SPEECH
_z
CHENNAI
942
_c
BK
999
_c
3637
_d
3637